| 000 | 00536pam a2200205 a 4500 | ||
|---|---|---|---|
| 020 | _c | ||
| 040 | _aMedical College Lib. | ||
| 041 |
_aENG _hENG |
||
| 082 |
_a616.075 _bTOD |
||
| 100 | _aTodd- Sanford , . | ||
| 245 |
_aClinical Diagnosis and Management / _c _hTextual Documents |
||
| 260 |
_a : _bSaunders (Indian) , _c1989. |
||
| 300 |
_a700 ; _c |
||
| 365 | _a295=00 | ||
| 653 |
_aPathology _aMedical Science |
||
| 700 | _aDavidsohn , . | ||
| 930 | _a3799 | ||
| 999 |
_c3798 _d3798 |
||